00362 a2200121 4500020001800000082001100018100002500029245009100054260003300145300001100178650002700189700002400216 a9780470129876 a621.31 aBlume, Steven Warren aElectric power system basics : for the nonelectrical professionalcSteven Warren Blume aNew JerseybJohn Wileyc2007 a242 p. aElectric power systems aSteven Warren Blume